| Tag |
First Indicator |
Second Indicator |
Subfields |
| LEADER |
00000cam a2200000 i 4500 |
| 001 |
in00000063766 |
| 005 |
20151008050649.0 |
| 008 |
800501c19781976azua 00010 eng d |
| 010 |
|
|
|a 67026925
|
| 020 |
|
|
|a 0911408509
|
| 035 |
|
|
|a (OCoLC)06270147
|
| 035 |
|
|
|9 AAG2485AM
|
| 040 |
|
|
|a TXA
|c TXA
|d UtOrBLW
|
| 043 |
|
|
|a n-usu--
|a n-ust--
|
| 049 |
|
|
|a TXAM
|c [1405410]
|
| 090 |
|
|
|a F787
|b .J3 1978
|
| 100 |
1 |
|
|a Jackson, Earl,
|d 1910-1998.
|
| 245 |
1 |
0 |
|a Your national park system in the Southwest in words and color /
|c Earl Jackson.
|
| 250 |
|
|
|a Rev.
|
| 264 |
|
1 |
|a Globe, Ariz. :
|b Southwest Parks and Monuments Association,
|c 1978
|
| 264 |
|
4 |
|c ©1976
|
| 300 |
|
|
|a viii, 69 pages :
|b illustrations (some color) ;
|c 28 cm.
|
| 336 |
|
|
|a text
|b txt
|2 rdacontent
|
| 337 |
|
|
|a unmediated
|b n
|2 rdamedia
|
| 338 |
|
|
|a volume
|b nc
|2 rdacarrier
|
| 490 |
1 |
|
|a Popular series ; no. 11
|
| 650 |
|
0 |
|a National parks and reserves
|z Southwestern States.
|
| 651 |
|
0 |
|a Southwestern States
|x Description and travel
|y 1951-
|
| 830 |
|
0 |
|a Popular series (Southwest Parks and Monuments Association) ;
|v no. 11.
|
| 999 |
|
|
|a MARS
|
| 999 |
f |
f |
|s 687ff5df-c153-3d47-a732-f5cc020c10c7
|i 843a2a95-3234-3e51-ba09-a0748e680374
|t 0
|
| 952 |
f |
f |
|p ric
|a Texas A&M University
|b Rellis Campus
|c Joint Library Facility
|d Remote Storage
|t 0
|e F787 .J3 1978
|h Library of Congress classification
|i unmediated -- volume
|m A14802317395
|
| 998 |
f |
f |
|a F787 .J3 1978
|t 0
|l Remote Storage
|